000
00243nam a22001097a 4500
008
131217t xxu||||| |||| 00| 0 eng d
020
_a
0-09-917961-x
100
_a
John Grisham
_9
458
245
_a
The Rain Maker
300
_a
340
942
_2
ddc
_c
BK
999
_c
16729
_d
16729